[Event "FRA-chT U20"]
[Site "France"]
[Date "2012.05.28"]
[Round "?"]
[White "Ek, Bora"]
[Black "Boitel, Leo"]
[Result "1-0"]
[WhiteElo "1631"]
[BlackElo "1453"]
[PlyCount "82"]
[EventDate "2012.05.26"]
[EventType "team-swiss"]
[EventRounds "9"]
[EventCountry "FRA"]
[SourceTitle "EXT 2014"]
[Source "ChessBase"]
[SourceDate "2013.11.20"]
[SourceVersion "1"]
[SourceVersionDate "2013.11.20"]
[SourceQuality "1"]

1. e4 c5 2. Nc3 Nc6 3. f4 g6 4. Bb5 Bg7 5. Nf3 d6 6. Bxc6+ bxc6 7. 0-0 Bg4 8. h3 Bc8 9. d3 Nf6 10. Qe1 0-0 11. Kh1 Rb8 12. Rg1 Bd7 13. g4 e6 14. Qg3 Ne8 15. h4 f6 16. Nd1 Qe7 17. c3 Kf7 18. Ne3 Rh8 19. b3 Rf8 20. Bb2 Rh8 21. d4 cxd4 22. cxd4 Rc8 23. Rae1 Qd8 24. f5 e5 25. fxg6+ hxg6 26. dxe5 dxe5 27. g5 fxg5 28. Nxg5+ Kg8 29. Nf3 Rh6 30. Rg2 Nf6 31. Nf5 Bxf5 32. exf5 Nh5 33. Qg5 Qxg5 34. Rxg5 gxf5 35. Bxe5 Re6 36. Rxh5 Rce8 37. Rxf5 c5 38. Rg1 R6e7 39. Rfg5 Rd8 40. Rxg7+ Rxg7 41. Rxg7+ Kf8 1-0

[Event "FRA-chT U20 16 GP Haute 1011"]
[Site "France"]
[Date "2011.06.12"]
[Round "10"]
[White "Ek, Bora"]
[Black "Legros, Aymeric"]
[Result "0-1"]
[WhiteElo "1630"]
[BlackElo "1350"]
[PlyCount "92"]
[EventDate "2010.06.20"]
[EventType "team-tourn"]
[EventRounds "11"]
[EventCountry "FRA"]
[SourceTitle "EXT 2015"]
[Source "ChessBase"]
[SourceDate "2014.11.20"]
[SourceVersion "1"]
[SourceVersionDate "2014.11.20"]
[SourceQuality "1"]
[WhiteTeam "Villepinte (U20)"]
[BlackTeam "Creteil (U20)"]
[WhiteTeamCountry "FRA"]
[BlackTeamCountry "FRA"]

1. e4 e5 2. Nf3 Nc6 3. Bb5 a6 4. Ba4 Nf6 5. 0-0 d6 6. h3 Be7 7. c3 b5 8. Bb3 0-0 9. d4 exd4 10. cxd4 Nxe4 11. Bd5 Nxf2 12. Rxf2 Qd7 13. Qc2 Bb7 14. Nc3 b4 15. Bxc6 Qxc6 16. Nd1 Bf6 17. Qxc6 Bxc6 18. Rf1 Bxf3 19. Rxf3 Bxd4+ 20. Kh1 Rfe8 21. Rf1 Re2 22. Rb1 Rae8 23. a3 Re1 24. Ne3 Rxf1+ 25. Nxf1 Re1 26. g4 Rxf1+ 27. Kg2 Rg1+ 28. Kf3 Bxb2 29. Rxb2 Rxc1 30. Rxb4 f6 31. Ra4 Rc3+ 32. Kg2 d5 33. Rxa6 d4 34. Kf2 Rc2+ 35. Ke1 d3 36. a4 Kf7 37. a5 Ra2 38. Ra7 Kg6 39. a6 f5 40. Ra8 fxg4 41. a7 gxh3 42. Rf8 Rxa7 43. Rf3 h2 44. Rg3+ Kf5 45. Rh3 h1Q+ 46. Rxh1 Ra1+ 0-1

[Event "FRA-chTB U20 1011"]
[Site "France"]
[Date "2010.12.19"]
[Round "5.7"]
[White "Ea, Thibault"]
[Black "Ek, Bora"]
[Result "0-1"]
[WhiteElo "1528"]
[BlackElo "1430"]
[PlyCount "116"]
[EventDate "2010.11.20"]
[EventType "team-tourn"]
[EventRounds "7"]
[EventCountry "FRA"]
[SourceTitle "EXT 2012"]
[Source "ChessBase"]
[SourceDate "2011.11.24"]
[SourceVersion "1"]
[SourceVersionDate "2011.11.24"]
[SourceQuality "1"]
[WhiteTeam "Potemkine"]
[BlackTeam "Villepinte"]
[WhiteTeamCountry "FRA"]
[BlackTeamCountry "FRA"]

1. e4 c5 2. Nf3 d6 3. Bc4 g6 4. Nc3 Bg7 5. d4 cxd4 6. Nxd4 Nc6 7. Nxc6 bxc6 8. f4 e6 9. 0-0 Ne7 10. Be3 0-0 11. Bd4 Bxd4+ 12. Qxd4 Qb6 13. Qxb6 axb6 14. Rad1 Rd8 15. Rd2 d5 16. Bb3 Bb7 17. e5 Nf5 18. Re1 b5 19. a3 Ne7 20. Red1 Nc8 21. Ne4 Nb6 22. Kf2 Nc4 23. Bxc4 bxc4 24. Ke3 Rac8 25. Nd6 Rb8 26. Nxc4 Ba8 27. b3 c5 28. g4 d4+ 29. Kf2 Bd5 30. Nd6 f6 31. Rd3 g5 32. Nc4 Bxc4 33. bxc4 fxe5 34. fxe5 Rf8+ 35. Kg3 Rb2 36. R1d2 Rf4 37. Rb3 Ra2 38. h4 h6 39. Rb8+ Kf7 40. Ra8 Re4 41. Rf2+ Kg6 42. Ra7 gxh4+ 43. Kxh4 Rxe5 44. Rff7 Re3 45. Rfe7 Rxc2 46. Rg7+ Kf6 47. Raf7+ Ke5 48. Kh5 Rh2+ 49. Kg6 d3 50. Rf1 d2 51. Rd7 Ree2 52. Rd1 Rhg2 53. Kh7 Kf4 54. a4 Ke3 55. a5 Re1 56. R1xd2 Rxd2 57. Rxd2 Kxd2 58. Kxh6 Ra1 0-1

[Event "FRA-chTB U20 1011"]
[Site "France"]
[Date "2010.12.19"]
[Round "6.8"]
[White "Ek, Bora"]
[Black "Bellahcene, Meriem"]
[Result "1-0"]
[WhiteElo "1430"]
[BlackElo "1300"]
[PlyCount "67"]
[EventDate "2010.11.20"]
[EventType "team-tourn"]
[EventRounds "7"]
[EventCountry "FRA"]
[SourceTitle "EXT 2012"]
[Source "ChessBase"]
[SourceDate "2011.11.24"]
[SourceVersion "1"]
[SourceVersionDate "2011.11.24"]
[SourceQuality "1"]
[WhiteTeam "Villepinte"]
[BlackTeam "Bischwiller"]
[WhiteTeamCountry "FRA"]
[BlackTeamCountry "FRA"]

1. e4 e5 2. Nf3 Nc6 3. Bb5 Nd4 4. Nxd4 exd4 5. 0-0 Nf6 6. d3 Bc5 7. Bg5 Be7 8. e5 Nd5 9. Bxe7 Nxe7 10. Qg4 0-0 11. Qxd4 c6 12. Ba4 b6 13. a3 c5 14. Qe4 d5 15. exd6 Qxd6 16. Qxa8 Bd7 17. Qe4 Bf5 18. Qf3 Bg6 19. Qg3 Qf6 20. Nc3 Nf5 21. Qf3 Rd8 22. Rab1 Nh4 23. Qxf6 gxf6 24. Ne4 Kg7 25. Bb3 b5 26. Nxc5 Rc8 27. Ne4 f5 28. Nd6 Rc7 29. Ne8+ Kf8 30. Nxc7 f6 31. Nxb5 a6 32. Nc3 f4 33. Bd5 Bh5 34. f3 1-0

[Event "FRA-chTB U20 1011"]
[Site "France"]
[Date "2010.11.21"]
[Round "2.7"]
[White "Ek, Bora"]
[Black "Ragot Gaufreteau, Maelyss"]
[Result "1-0"]
[WhiteElo "1430"]
[BlackElo "1350"]
[PlyCount "81"]
[EventDate "2010.11.20"]
[EventType "team-tourn"]
[EventRounds "7"]
[EventCountry "FRA"]
[SourceTitle "EXT 2012"]
[Source "ChessBase"]
[SourceDate "2011.11.24"]
[SourceVersion "1"]
[SourceVersionDate "2011.11.24"]
[SourceQuality "1"]
[WhiteTeam "Villepinte"]
[BlackTeam "Sautron"]
[WhiteTeamCountry "FRA"]
[BlackTeamCountry "FRA"]

1. e4 c5 2. Nf3 d6 3. d4 cxd4 4. Nxd4 Nf6 5. Nc3 g6 6. Be3 Bg7 7. Bc4 0-0 8. 0-0 Nc6 9. Qd2 a6 10. Rad1 Qc7 11. Nxc6 bxc6 12. Bb3 Be6 13. Rfe1 Rab8 14. Bh6 Bxb3 15. axb3 Rfd8 16. Bxg7 Kxg7 17. h3 e5 18. Re3 Qe7 19. Rd3 Ne8 20. Rf3 Nf6 21. Qe2 d5 22. exd5 cxd5 23. Rfd3 d4 24. Rxd4 Rxd4 25. Rxd4 Re8 26. Rd1 e4 27. Qxa6 e3 28. Qe2 exf2+ 29. Qxf2 Qb7 30. Re1 Re6 31. Rxe6 fxe6 32. Qd4 Qe7 33. Qe5 Kf7 34. Qf4 Qa7+ 35. Kh2 Qc5 36. Ne4 Qe7 37. Nxf6 Qxf6 38. Qxf6+ Kxf6 39. c4 e5 40. Kg3 Ke6 41. Kf3 1-0

[Event "FRA-chTB U20 1011"]
[Site "France"]
[Date "2010.11.21"]
[Round "3.7"]
[White "Gaubert, Cedric"]
[Black "Ek, Bora"]
[Result "0-1"]
[WhiteElo "1009"]
[BlackElo "1430"]
[PlyCount "72"]
[EventDate "2010.11.20"]
[EventType "team-tourn"]
[EventRounds "7"]
[EventCountry "FRA"]
[SourceTitle "EXT 2012"]
[Source "ChessBase"]
[SourceDate "2011.11.24"]
[SourceVersion "1"]
[SourceVersionDate "2011.11.24"]
[SourceQuality "1"]
[WhiteTeam "Niort"]
[BlackTeam "Villepinte"]
[WhiteTeamCountry "FRA"]
[BlackTeamCountry "FRA"]

1. d3 d5 2. Nf3 e6 3. g3 Nf6 4. Bg2 Nbd7 5. 0-0 Be7 6. c3 0-0 7. Qc2 b6 8. Rd1 Bb7 9. e4 c5 10. e5 Ng4 11. h3 Ngxe5 12. Nxe5 Nxe5 13. d4 Nd7 14. Rd3 Nf6 15. Rf3 Rc8 16. Rf4 cxd4 17. c4 Rxc4 18. Qd3 Rxc1+ 19. Kh2 Rc8 20. g4 Bd6 21. g5 Bxf4+ 22. Kg1 Bxg5 23. Qxd4 Rc1+ 24. Bf1 Ba6 25. h4 Rxf1+ 26. Kg2 Bh6 27. a4 Qd6 28. b4 Bc4 29. Na3 Rxa1 30. Qxa1 Qxb4 31. Nc2 Qd6 32. Nd4 Qe5 33. Nc6 Qxa1 34. Ne7+ Kh8 35. a5 Qf1+ 36. Kf3 Qh3# 0-1

[Event "FRA-chTB U20 1011"]
[Site "France"]
[Date "2010.11.20"]
[Round "1.7"]
[White "Ek, Bora"]
[Black "Vigna, Liza"]
[Result "1-0"]
[WhiteElo "1430"]
[BlackElo "1680"]
[PlyCount "59"]
[EventDate "2010.11.20"]
[EventType "team-tourn"]
[EventRounds "7"]
[EventCountry "FRA"]
[SourceTitle "EXT 2012"]
[Source "ChessBase"]
[SourceDate "2011.11.24"]
[SourceVersion "1"]
[SourceVersionDate "2011.11.24"]
[SourceQuality "1"]
[WhiteTeam "Villepinte"]
[BlackTeam "Clichy"]
[WhiteTeamCountry "FRA"]
[BlackTeamCountry "FRA"]

1. e4 e5 2. Nf3 Nc6 3. Bb5 a6 4. Ba4 Nf6 5. 0-0 Bd6 6. Re1 0-0 7. c3 b5 8. Bc2 Bb7 9. d4 Qe7 10. d5 Nd8 11. Nbd2 c6 12. dxc6 Nxc6 13. Nf1 Bc5 14. h3 Rad8 15. Be3 Bxe3 16. Nxe3 Nb8 17. Nf5 Qc5 18. Qd6 Qxd6 19. Nxd6 Bc6 20. Nxe5 Nh5 21. g3 h6 22. Bb3 Kh7 23. Nexf7 Rxf7 24. Nxf7 Rf8 25. Ne5 Re8 26. Nxc6 Nxc6 27. Bf7 Re5 28. f4 Nxf4 29. gxf4 Re7 30. Bd5 1-0